[Event "FRA-chT1 0910"]
[Site "France"]
[Date "2009.12.12"]
[Round "6.6"]
[White "Schabanel, Stephane"]
[Black "Jossien, Remy"]
[Result "1-0"]
[WhiteElo "2246"]
[BlackElo "2278"]
[PlyCount "117"]
[EventDate "2009.09.27"]
[EventType "team-tourn"]
[EventRounds "11"]
[EventCountry "FRA"]
[SourceTitle "EXT 2011"]
[Source "ChessBase"]
[SourceDate "2010.11.26"]
[SourceVersion "1"]
[SourceVersionDate "2010.11.26"]
[SourceQuality "1"]

1. d4 d5 2. c4 e6 3. Nc3 Nf6 4. cxd5 exd5 5. Bg5 Be7 6. e3 0-0 7. Bd3 Nbd7 8. Nge2 Re8 9. 0-0 b6 10. Bb5 Bb7 11. Bxf6 Nxf6 12. Bxe8 Qxe8 13. Nf4 a6 14. Rc1 Qd7 15. Nd3 Bd6 16. f4 Re8 17. Ne5 Qd8 18. Qb3 g6 19. e4 c5 20. dxc5 Bxc5+ 21. Kh1 Qa8 22. Rcd1 Rf8 23. exd5 b5 24. a3 Rd8 25. Qc2 Bf8 26. f5 g5 27. Nc6 Bxc6 28. dxc6 Rc8 29. Qd2 h6 30. Nd5 Nxd5 31. Qxd5 Qxc6 32. Qxc6 Rxc6 33. Rc1 Rf6 34. g4 Bg7 35. Rc8+ Kh7 36. Rd1 h5 37. b3 hxg4 38. Rd5 Rh6 39. Kg2 Bb2 40. a4 bxa4 41. bxa4 Kg7 42. Ra5 Ba3 43. f6+ Rxf6 44. Rxg5+ Kh7 45. Rxg4 Re6 46. Rc3 Bf8 47. Rh3+ Bh6 48. Rh5 Rc6 49. Rf5 Rc2+ 50. Rf2 Rc7 51. Rf6 Bc1 52. Rxa6 f5 53. Rd4 f4 54. Rd3 Kg8 55. Kf3 Kf8 56. a5 Ke7 57. Rh6 Rc5 58. a6 Ra5 59. Rb3 1-0

[Event "FRA-chT1 0910"]
[Site "France"]
[Date "2009.10.18"]
[Round "3.1"]
[White "Le Roy, Brice"]
[Black "Schabanel, Stephane"]
[Result "1-0"]
[WhiteElo "2303"]
[BlackElo "2254"]
[PlyCount "55"]
[EventDate "2009.09.27"]
[EventType "team-tourn"]
[EventRounds "11"]
[EventCountry "FRA"]
[SourceTitle "EXT 2011"]
[Source "ChessBase"]
[SourceDate "2010.11.26"]
[SourceVersion "1"]
[SourceVersionDate "2010.11.26"]
[SourceQuality "1"]

1. e4 e6 2. d4 d5 3. Nd2 Nf6 4. e5 Nfd7 5. Bd3 c5 6. c3 Nc6 7. Ndf3 cxd4 8. cxd4 f6 9. exf6 Nxf6 10. Ne2 Qc7 11. Nc3 a6 12. Bg5 Bd6 13. Bh4 Nh5 14. Ng5 g6 15. Bg3 Nf4 16. Bxf4 Bxf4 17. h4 0-0 18. Nf3 Qg7 19. h5 Nxd4 20. hxg6 h6 21. Nxd4 Qxd4 22. Bc2 Qe5+ 23. Qe2 Kg7 24. Rh5 Qc7 25. Rd1 e5 26. Nxd5 Qa5+ 27. b4 Qa3 28. Rxe5 1-0

[Event "FRA-ch Accession"]
[Site "Nimes"]
[Date "2009.08.19"]
[Round "8"]
[White "Schabanel, Stephane"]
[Black "Moussard, Jules"]
[Result "0-1"]
[WhiteElo "2259"]
[BlackElo "2292"]
[PlyCount "62"]
[EventDate "2009.08.11"]
[EventType "swiss"]
[EventRounds "9"]
[EventCountry "FRA"]
[SourceTitle "CBM 132 Extra"]
[Source "ChessBase"]
[SourceDate "2009.11.03"]
[SourceVersion "1"]
[SourceVersionDate "2009.11.03"]
[SourceQuality "1"]

1. d4 Nf6 2. c4 c5 3. d5 e6 4. Nc3 exd5 5. cxd5 d6 6. e4 g6 7. Bd3 Bg7 8. Nge2 0-0 9. 0-0 Re8 10. h3 Nbd7 11. Ng3 a6 12. a4 b6 13. f4 Qc7 14. Be3 c4 15. Bc2 Rb8 16. Qf3 b5 17. axb5 axb5 18. Ra7 Qd8 19. e5 dxe5 20. f5 Bb7 21. Kh1 e4 22. Ngxe4 Ne5 23. Qf2 Nxe4 24. Nxe4 Qxd5 25. Nc3 Qd7 26. Be4 Nd3 27. Qh4 b4 28. fxg6 hxg6 29. Bd5 Ne5 30. Rxb7 Rxb7 31. Bxb7 bxc3 0-1

[Event "FRA-ch Accession"]
[Site "Nimes"]
[Date "2009.08.13"]
[Round "3"]
[White "Boudre, Jean Pierre"]
[Black "Schabanel, Stephane"]
[Result "1/2-1/2"]
[WhiteElo "2337"]
[BlackElo "2259"]
[PlyCount "55"]
[EventDate "2009.08.11"]
[EventType "swiss"]
[EventRounds "9"]
[EventCountry "FRA"]
[SourceTitle "CBM 132 Extra"]
[Source "ChessBase"]
[SourceDate "2009.11.03"]
[SourceVersion "1"]
[SourceVersionDate "2009.11.03"]
[SourceQuality "1"]

1. e4 e6 2. d4 d5 3. Nd2 Be7 4. c3 c5 5. dxc5 Bxc5 6. Bd3 Nf6 7. Qe2 Nc6 8. Ngf3 Bb6 9. 0-0 0-0 10. e5 Nd7 11. Nb3 f6 12. exf6 Nxf6 13. Nbd4 Bxd4 14. cxd4 Qb6 15. Be3 Bd7 16. a3 a5 17. Rac1 Be8 18. Ne5 Bh5 19. f3 Rfc8 20. Bf2 Ne7 21. Rc5 Rc7 22. Rfc1 Rac8 23. g4 Be8 24. g5 Nd7 25. Nxd7 Bxd7 26. Bxh7+ Kh8 27. Bd3 Nc6 28. f4 1/2-1/2

[Event "FRA-ch Accession"]
[Site "Nimes"]
[Date "2009.08.12"]
[Round "2"]
[White "Schabanel, Stephane"]
[Black "Crut, Aurelien"]
[Result "1/2-1/2"]
[WhiteElo "2259"]
[BlackElo "2335"]
[PlyCount "66"]
[EventDate "2009.08.11"]
[EventType "swiss"]
[EventRounds "9"]
[EventCountry "FRA"]
[SourceTitle "CBM 132 Extra"]
[Source "ChessBase"]
[SourceDate "2009.11.03"]
[SourceVersion "1"]
[SourceVersionDate "2009.11.03"]
[SourceQuality "1"]

1. d4 d5 2. c4 e6 3. Nc3 c6 4. Nf3 dxc4 5. a4 Bb4 6. e3 b5 7. Bd2 a5 8. Rb1 Bd7 9. Ne5 Nf6 10. Qf3 Ra7 11. Be2 0-0 12. 0-0 bxa4 13. Bxc4 c5 14. Rfd1 cxd4 15. exd4 Qc8 16. Bg5 Bc6 17. Nxc6 Qxc6 18. Bxf6 Qxf3 19. gxf3 gxf6 20. Nxa4 Nc6 21. Rd3 Rc7 22. b3 Rd8 23. Rbd1 Rcd7 24. Kg2 Rxd4 25. Nb2 Kf8 26. f4 Ke7 27. Rxd4 Nxd4 28. Rd3 h5 29. Kf1 h4 30. h3 f5 31. Nd1 f6 32. Ne3 Bc5 33. Rd2 Rb8 1/2-1/2

[Event "FRA-chT1B 0809"]
[Site "France"]
[Date "2009.04.04"]
[Round "10.3"]
[White "Rihouay, Clement"]
[Black "Schabanel, Stephane"]
[Result "0-1"]
[WhiteElo "2196"]
[BlackElo "2242"]
[PlyCount "74"]
[EventDate "2008.10.19"]
[EventType "team-tourn"]
[EventRounds "11"]
[EventCountry "FRA"]
[SourceTitle "EXT 2010"]
[Source "ChessBase"]
[SourceDate "2010.11.25"]
[SourceVersion "1"]
[SourceVersionDate "2010.11.25"]
[SourceQuality "1"]
[WhiteTeam "Nantes"]
[BlackTeam "Vincennes"]
[WhiteTeamCountry "FRA"]
[BlackTeamCountry "FRA"]

1. e4 e6 2. d4 d5 3. Nc3 Nf6 4. Bg5 Bb4 5. exd5 Qxd5 6. Bxf6 Bxc3+ 7. bxc3 gxf6 8. Nf3 b6 9. g3 Qe4+ 10. Qe2 Bb7 11. Bg2 Qxe2+ 12. Kxe2 Nc6 13. Rhd1 0-0-0 14. Kf1 Ne7 15. Ne1 Nd5 16. Bxd5 Bxd5 17. f3 Rd6 18. a4 a5 19. Kf2 Rhd8 20. Ng2 e5 21. Re1 Be6 22. dxe5 Rd2+ 23. Kg1 fxe5 24. Rxe5 Rxc2 25. Nf4 Rdd2 26. Rh5 Bc4 27. Rxh7 Rxc3 28. Rg7 b5 29. axb5 a4 30. Rg5 a3 31. Rc5 Kb7 32. Rc6 a2 33. Ng2 Rb2 34. Ne1 Rb1 35. Rxa2 Rxe1+ 36. Kg2 Ree3 37. Rf6 Bxa2 0-1

[Event "FRA-chT1B 0809"]
[Site "France"]
[Date "2009.03.15"]
[Round "9.5"]
[White "Pouillot, Eric"]
[Black "Schabanel, Stephane"]
[Result "1/2-1/2"]
[WhiteElo "2071"]
[BlackElo "2242"]
[PlyCount "95"]
[EventDate "2008.10.19"]
[EventType "team-tourn"]
[EventRounds "11"]
[EventCountry "FRA"]
[SourceTitle "EXT 2010"]
[Source "ChessBase"]
[SourceDate "2010.11.25"]
[SourceVersion "1"]
[SourceVersionDate "2010.11.25"]
[SourceQuality "1"]
[WhiteTeam "Echiquier Berry Sologne"]
[BlackTeam "Vincennes"]
[WhiteTeamCountry "FRA"]
[BlackTeamCountry "FRA"]

1. e4 e6 2. d4 d5 3. Nd2 Be7 4. Bd3 c5 5. dxc5 Nf6 6. exd5 Qxd5 7. Ngf3 Qxc5 8. 0-0 0-0 9. Qe2 Nbd7 10. Nc4 Qh5 11. Nfe5 Qxe2 12. Bxe2 Nc5 13. Bf3 Nd5 14. Rd1 Rd8 15. Ne3 Nb6 16. Rxd8+ Bxd8 17. N3c4 Bc7 18. Be3 Nca4 19. Nxb6 Nxb6 20. Nd3 Nc4 21. Bd4 Bb6 22. Bxb6 axb6 23. b3 Na3 24. Nb4 Kf8 25. c4 Ke7 26. Rd1 Ra5 27. Kf1 Rc5 28. Nd3 Rc7 29. Rc1 f6 30. Ke2 g5 31. Kd2 h6 32. Kc3 Nb5+ 33. Kb4 Nd4 34. c5 bxc5+ 35. Rxc5 Kd6 36. Rxc7 Kxc7 37. Bd1 e5 38. Kc3 b6 39. g3 Bb7 40. f4 Kd6 41. fxe5+ fxe5 42. Nf2 Nf3 43. Bxf3 Bxf3 44. Kd3 Bh5 45. Ne4+ Kc6 46. Nc3 Bg6+ 47. Ke3 Kc5 48. Na4+ 1/2-1/2

[Event "FRA-chT1B 0809"]
[Site "France"]
[Date "2008.12.14"]
[Round "5.1"]
[White "Gharamian, Tigran"]
[Black "Schabanel, Stephane"]
[Result "1-0"]
[WhiteElo "2581"]
[BlackElo "2242"]
[PlyCount "83"]
[EventDate "2008.10.19"]
[EventType "team-tourn"]
[EventRounds "11"]
[EventCountry "FRA"]
[SourceTitle "EXT 2010"]
[Source "ChessBase"]
[SourceDate "2010.11.25"]
[SourceVersion "1"]
[SourceVersionDate "2010.11.25"]
[SourceQuality "1"]
[WhiteTeam "Cappelle la Grande"]
[BlackTeam "Vincennes"]
[WhiteTeamCountry "FRA"]
[BlackTeamCountry "FRA"]

1. e4 c5 2. Nf3 Nc6 3. Bb5 Nf6 4. Nc3 g6 5. Bxc6 dxc6 6. h3 Bg7 7. d3 0-0 8. Be3 b6 9. Qd2 e5 10. Bh6 Qd6 11. g4 Be6 12. Bxg7 Kxg7 13. Ne2 c4 14. g5 Nd7 15. d4 exd4 16. Nfxd4 Kg8 17. 0-0-0 Nc5 18. Qe3 Rae8 19. e5 Qc7 20. f4 Bd5 21. Rh2 b5 22. Nxb5 Qb6 23. Nbd4 Rb8 24. Qa3 Rfd8 25. h4 Be6 26. Rg2 Na4 27. b4 cxb3 28. axb3 Nc3 29. Nxc3 Rxd4 30. Rgd2 Rbd8 31. Rxd4 Rxd4 32. Rxd4 Qxd4 33. Kb2 Bf5 34. Qa4 Qe3 35. Qxc6 Qxf4 36. Nd5 Qxe5+ 37. Ka2 Qe2 38. Nf6+ Kg7 39. Kb2 h6 40. Ne8+ Kf8 41. gxh6 Qe5+ 42. Qc3 1-0

[Event "FRA-chT1B 0708"]
[Site "France"]
[Date "2008.03.16"]
[Round "9.4"]
[White "Benmesbah, Natacha"]
[Black "Schabanel, Stephane"]
[Result "1-0"]
[WhiteElo "2211"]
[BlackElo "2268"]
[PlyCount "69"]
[EventDate "2007.10.21"]
[EventType "team"]
[EventRounds "11"]
[EventCountry "FRA"]
[SourceTitle "EXT 2009"]
[Source "ChessBase"]
[SourceDate "2008.11.26"]
[SourceVersion "1"]
[SourceVersionDate "2008.11.26"]
[SourceQuality "1"]
[WhiteTeam "Toulouse"]
[BlackTeam "Vincennes"]
[WhiteTeamCountry "FRA"]
[BlackTeamCountry "FRA"]

1. e4 c5 2. Nf3 d6 3. d4 cxd4 4. Nxd4 Nf6 5. Nc3 Nc6 6. Bg5 e6 7. Qd2 a6 8. 0-0-0 Bd7 9. f4 Be7 10. Nxc6 Bxc6 11. Bd3 b5 12. e5 dxe5 13. fxe5 Nd7 14. Bxe7 Qxe7 15. Qf4 Qc5 16. Be4 Rc8 17. Bxc6 Rxc6 18. Rhe1 Nb6 19. Qd4 0-0 20. Qxc5 Rxc5 21. Rd6 Rb8 22. Red1 g5 23. Rd8+ Rxd8 24. Rxd8+ Kg7 25. Rd6 Nc4 26. Rxa6 Rxe5 27. b3 Re1+ 28. Nd1 Ne3 29. Kd2 Nxg2 30. Ra5 f5 31. Rxb5 e5 32. a4 e4 33. a5 e3+ 34. Nxe3 Rxe3 35. Rxf5 1-0

[Event "FRA-chT1B 0708"]
[Site "France"]
[Date "2008.02.10"]
[Round "7.4"]
[White "Schabanel, Stephane"]
[Black "Renaze, Luc"]
[Result "1/2-1/2"]
[WhiteElo "2268"]
[BlackElo "2332"]
[PlyCount "46"]
[EventDate "2007.10.21"]
[EventType "team"]
[EventRounds "11"]
[EventCountry "FRA"]
[SourceTitle "EXT 2009"]
[Source "ChessBase"]
[SourceDate "2008.11.26"]
[SourceVersion "1"]
[SourceVersionDate "2008.11.26"]
[SourceQuality "1"]
[WhiteTeam "Vincennes"]
[BlackTeam "Lyon Olympique"]
[WhiteTeamCountry "FRA"]
[BlackTeamCountry "FRA"]

1. e4 e5 2. Nf3 Nc6 3. Bb5 a6 4. Ba4 Nf6 5. 0-0 b5 6. Bb3 Bc5 7. a4 Rb8 8. c3 d6 9. d4 Bb6 10. a5 Ba7 11. h3 h6 12. Re1 0-0 13. Be3 Re8 14. dxe5 Bxe3 15. exf6 Bc5 16. e5 Nxe5 17. Nxe5 dxe5 18. Qxd8 Rxd8 19. Rxe5 Bd6 20. Re2 b4 21. Nd2 bxc3 22. bxc3 Bf4 23. Bc2 Bxh3 1/2-1/2

[Event "FRA-chT1B 0607"]
[Site "France"]
[Date "2007.03.11"]
[Round "11.4"]
[White "Boudre, Jean Pierre"]
[Black "Schabanel, Stephane"]
[Result "1/2-1/2"]
[WhiteElo "2324"]
[BlackElo "2289"]
[PlyCount "54"]
[EventDate "2006.10.15"]
[EventType "team"]
[EventRounds "11"]
[EventCountry "FRA"]
[SourceTitle "EXT 2008"]
[Source "ChessBase"]
[SourceDate "2007.11.25"]
[SourceVersion "1"]
[SourceVersionDate "2007.11.25"]
[SourceQuality "1"]
[WhiteTeam "Marseille Duchamps"]
[BlackTeam "Vincennes"]
[WhiteTeamCountry "FRA"]
[BlackTeamCountry "FRA"]

1. e4 c5 2. Nf3 d6 3. d4 cxd4 4. Nxd4 Nf6 5. Nc3 Nc6 6. Bg5 e6 7. Qd2 a6 8. 0-0-0 Bd7 9. f3 Be7 10. h4 h6 11. Be3 h5 12. Bg5 Ne5 13. Kb1 b5 14. Bd3 Qc7 15. Nce2 Qb7 16. Rhe1 Rc8 17. Ng3 Nc4 18. Bxc4 bxc4 19. c3 Ba4 20. Rc1 g6 21. Qf4 e5 22. Qd2 Bd7 23. Nc2 Be6 24. Ne3 Nh7 25. Bxe7 Kxe7 26. Ne2 Nf6 27. Rcd1 Rhd8 1/2-1/2

[Event "FRA-chT1B 0607"]
[Site "France"]
[Date "2007.01.21"]
[Round "6.3"]
[White "Schabanel, Stephane"]
[Black "Renaze, Luc"]
[Result "1-0"]
[WhiteElo "2288"]
[BlackElo "2331"]
[PlyCount "81"]
[EventDate "2006.10.15"]
[EventType "team"]
[EventRounds "11"]
[EventCountry "FRA"]
[SourceTitle "EXT 2008"]
[Source "ChessBase"]
[SourceDate "2007.11.25"]
[SourceVersion "1"]
[SourceVersionDate "2007.11.25"]
[SourceQuality "1"]
[WhiteTeam "Vincennes"]
[BlackTeam "Lyon Olympique"]
[WhiteTeamCountry "FRA"]
[BlackTeamCountry "FRA"]

1. e4 e5 2. Nf3 Nc6 3. Bb5 a6 4. Ba4 Nf6 5. 0-0 b5 6. Bb3 Bc5 7. c3 d6 8. d4 Bb6 9. a4 Bg4 10. Bg5 0-0 11. axb5 axb5 12. Rxa8 Qxa8 13. Bxf6 gxf6 14. Bd5 Qe8 15. h3 Bh5 16. Bxc6 Qxc6 17. d5 Qd7 18. Qd3 Kh8 19. Na3 Rg8 20. Kh2 c6 21. dxc6 Qxc6 22. Nh4 b4 23. cxb4 Bg6 24. Nxg6+ hxg6 25. Nb5 Kg7 26. Nc3 Bd4 27. Nd5 Re8 28. b5 Qc8 29. Qa3 Qc4 30. Kg1 Re6 31. b6 Qc6 32. Qb3 Re8 33. Ra1 f5 34. exf5 e4 35. fxg6 fxg6 36. Ra7+ Kh6 37. Rc7 Qa8 38. Nf4 Qa1+ 39. Kh2 Bxf2 40. Rh7+ Kg5 41. Ne2 1-0

[Event "FRA-chT1B 0607"]
[Site "France"]
[Date "2006.12.06"]
[Round "4.4"]
[White "Schabanel, Stephane"]
[Black "Moussard, Jules"]
[Result "1-0"]
[WhiteElo "2298"]
[BlackElo "2172"]
[PlyCount "76"]
[EventDate "2006.10.15"]
[EventType "team"]
[EventRounds "11"]
[EventCountry "FRA"]
[SourceTitle "EXT 2008"]
[Source "ChessBase"]
[SourceDate "2007.11.25"]
[SourceVersion "1"]
[SourceVersionDate "2007.11.25"]
[SourceQuality "1"]
[WhiteTeam "Vincennes"]
[BlackTeam "Paris Chess Club II"]
[WhiteTeamCountry "FRA"]
[BlackTeamCountry "FRA"]

1. e4 c5 2. Nf3 d6 3. d4 cxd4 4. Nxd4 Nf6 5. Nc3 a6 6. Bg5 e6 7. f4 Qb6 8. Qd2 Qxb2 9. Nf3 Qa3 10. Bxf6 gxf6 11. Be2 h5 12. 0-0 Nd7 13. Kh1 b5 14. Nb1 Qa4 15. Nc3 Qa3 16. Nb1 Qa4 17. a3 Qxe4 18. Nc3 Qh7 19. Nd4 Ra7 20. Bf3 Rc7 21. Rae1 Ne5 22. Ncxb5 axb5 23. fxe5 Bd7 24. exd6 Rc5 25. c3 Bh6 26. Qb2 0-0 27. Bb7 Bg5 28. Nb3 Rc4 29. Nd2 Rc5 30. Ne4 Rf5 31. Qb4 Rb8 32. Qa5 Rxf1+ 33. Rxf1 Kg7 34. Qc7 Rxb7 35. Qxb7 Be3 36. Nxf6 Qd3 37. Qf3 Bc6 38. Qg3+ Kh8 1-0

[Event "Avoine op 21th"]
[Site "Avoine"]
[Date "2006.07.28"]
[Round "7"]
[White "Schabanel, Stephane"]
[Black "Menager, Erwan"]
[Result "1-0"]
[WhiteElo "2315"]
[BlackElo "2111"]
[PlyCount "55"]
[EventDate "2006.07.22"]
[EventType "swiss"]
[EventRounds "9"]
[EventCountry "FRA"]
[SourceTitle "EXT 2007"]
[Source "ChessBase"]
[SourceDate "2006.11.23"]
[SourceVersion "1"]
[SourceVersionDate "2006.11.23"]
[SourceQuality "1"]

1. e4 c5 2. Nc3 Nc6 3. Bb5 g6 4. Bxc6 bxc6 5. d3 Bg7 6. f4 d6 7. Nf3 Nf6 8. 0-0 0-0 9. Qe1 Bg4 10. Qh4 Bxf3 11. Rxf3 Qd7 12. f5 Rfb8 13. Rb1 Qd8 14. Bh6 Bxh6 15. Qxh6 Qf8 16. Qh4 Qg7 17. e5 dxe5 18. Qc4 Rb4 19. Qxc5 Rab8 20. Qxe7 e4 21. dxe4 Ng4 22. Rd3 Qh6 23. h3 Rd4 24. hxg4 Rxd3 25. g5 Rd7 26. Qxd7 Qxg5 27. Qd3 Rd8 28. Qf3 1-0

[Event "Avoine op 21th"]
[Site "Avoine"]
[Date "2006.07.25"]
[Round "4"]
[White "Noirot, Florent"]
[Black "Schabanel, Stephane"]
[Result "0-1"]
[WhiteElo "2122"]
[BlackElo "2315"]
[PlyCount "96"]
[EventDate "2006.07.22"]
[EventType "swiss"]
[EventRounds "9"]
[EventCountry "FRA"]
[SourceTitle "EXT 2007"]
[Source "ChessBase"]
[SourceDate "2006.11.23"]
[SourceVersion "1"]
[SourceVersionDate "2006.11.23"]
[SourceQuality "1"]

1. d4 f5 2. g3 Nf6 3. Bg2 g6 4. Nh3 Bg7 5. 0-0 0-0 6. c4 d6 7. d5 Na6 8. Nd2 e5 9. dxe6 c6 10. Rb1 Bxe6 11. Ng5 Bd7 12. b4 h6 13. Ngf3 Nc7 14. Bb2 a5 15. a3 axb4 16. axb4 Qe7 17. Qc2 Rfe8 18. Rfe1 Qf7 19. Nb3 Na6 20. Ba3 Ne4 21. Nbd4 b5 22. cxb5 cxb5 23. Qd3 Rec8 24. Rec1 Rc4 25. e3 Rac8 26. Rxc4 Rxc4 27. Rb3 d5 28. Bf1 g5 29. Ne2 Kh8 30. Nd2 f4 31. Nxe4 dxe4 32. Qd2 f3 33. Nc3 Rc7 34. Nd5 Rb7 35. Bb2 Be6 36. Rc3 Bxd5 37. Rc8+ Kh7 38. Bxg7 Kxg7 39. Qd4+ Kg6 40. h4 Nb8 41. hxg5 hxg5 42. g4 Nd7 43. Rh8 Nf6 44. Qe5 Qe6 45. Qh2 Qxg4+ 46. Kh1 Rh7 47. Rxh7 Nxh7 48. Bh3 Qh4 0-1

[Event "Avoine op 21th"]
[Site "Avoine"]
[Date "2006.07.23"]
[Round "2"]
[White "Hortas, Igor"]
[Black "Schabanel, Stephane"]
[Result "0-1"]
[WhiteElo "2126"]
[BlackElo "2315"]
[PlyCount "56"]
[EventDate "2006.07.22"]
[EventType "swiss"]
[EventRounds "9"]
[EventCountry "FRA"]
[SourceTitle "EXT 2007"]
[Source "ChessBase"]
[SourceDate "2006.11.23"]
[SourceVersion "1"]
[SourceVersionDate "2006.11.23"]
[SourceQuality "1"]

1. d4 f5 2. g3 Nf6 3. Bg2 g6 4. b3 Bg7 5. Bb2 0-0 6. Nf3 d6 7. 0-0 Qe8 8. Nbd2 Nc6 9. Re1 e5 10. e4 f4 11. gxf4 Nh5 12. fxe5 dxe5 13. d5 Nd8 14. h3 Nf4 15. Kh2 g5 16. Ng1 h5 17. Ne2 g4 18. Nxf4 Rxf4 19. hxg4 hxg4 20. Qe2 Nf7 21. Rh1 Ng5 22. Bc1 Qg6 23. Kg3 Bd7 24. Ba3 Nh3 25. Bc5 Bh6 26. Kh2 Rf3 27. Nf1 b6 28. Be3 Bxe3 0-1

[Event "Avoine op 21th"]
[Site "Avoine"]
[Date "2006.07.22"]
[Round "1"]
[White "Schabanel, Stephane"]
[Black "Dube, Dimitri"]
[Result "1-0"]
[WhiteElo "2315"]
[BlackElo "2078"]
[PlyCount "63"]
[EventDate "2006.07.22"]
[EventType "swiss"]
[EventRounds "9"]
[EventCountry "FRA"]
[SourceTitle "EXT 2007"]
[Source "ChessBase"]
[SourceDate "2006.11.23"]
[SourceVersion "1"]
[SourceVersionDate "2006.11.23"]
[SourceQuality "1"]

1. e4 Nc6 2. Nf3 e5 3. Bb5 Nd4 4. Nxd4 exd4 5. 0-0 Ne7 6. c3 Nc6 7. cxd4 Nxd4 8. Bc4 g6 9. Nc3 Bg7 10. d3 0-0 11. Bf4 d6 12. Qd2 Be6 13. Bh6 c6 14. Bxg7 Kxg7 15. b4 f5 16. Bxe6 Nxe6 17. d4 Qf6 18. Rad1 Rad8 19. d5 Ng5 20. exf5 Qxf5 21. f4 Nf7 22. dxc6 bxc6 23. b5 cxb5 24. Nd5 Nh6 25. Qd4+ Kf7 26. Qxa7+ Rd7 27. Qd4 Ng4 28. Rde1 Nf6 29. Nxf6 Qxf6 30. Qd5+ Kg7 31. Qxb5 Ra7 32. Qd5 1-0

[Event "Le Touquet op 20th"]
[Site "Le Touquet"]
[Date "2005.10.29"]
[Round "9"]
[White "Houriez, Alain"]
[Black "Schabanel, Stephane"]
[Result "1/2-1/2"]
[WhiteElo "2013"]
[BlackElo "2307"]
[PlyCount "35"]
[EventDate "2005.10.23"]
[EventType "swiss"]
[EventRounds "9"]
[EventCountry "FRA"]
[SourceTitle "EXT 2006"]
[Source "ChessBase"]
[SourceDate "2005.11.24"]
[SourceVersion "1"]
[SourceVersionDate "2005.11.24"]
[SourceQuality "1"]

1. e4 c5 2. Nc3 Nc6 3. f4 g6 4. Nf3 Bg7 5. Bb5 Nd4 6. Bd3 d6 7. Nxd4 cxd4 8. Ne2 Nf6 9. Nxd4 Nxe4 10. Bxe4 Bxd4 11. c3 Bg7 12. d4 d5 13. Bd3 0-0 14. Qe2 Be6 15. f5 Bxf5 16. Bxf5 gxf5 17. Qh5 e6 18. Qh3 1/2-1/2

[Event "Le Touquet op 20th"]
[Site "Le Touquet"]
[Date "2005.10.28"]
[Round "8"]
[White "Schabanel, Stephane"]
[Black "Marholev, Dimitar"]
[Result "0-1"]
[WhiteElo "2307"]
[BlackElo "2451"]
[PlyCount "86"]
[EventDate "2005.10.23"]
[EventType "swiss"]
[EventRounds "9"]
[EventCountry "FRA"]
[SourceTitle "EXT 2006"]
[Source "ChessBase"]
[SourceDate "2005.11.24"]
[SourceVersion "1"]
[SourceVersionDate "2005.11.24"]
[SourceQuality "1"]

1. e4 e5 2. Nf3 Nc6 3. Bb5 a6 4. Ba4 Nf6 5. 0-0 Be7 6. Re1 b5 7. Bb3 d6 8. c3 0-0 9. d4 Bg4 10. d5 Na5 11. Bc2 c5 12. dxc6 Qc8 13. Nbd2 Qxc6 14. h3 Bh5 15. Nf1 Rfe8 16. Ng3 Bg6 17. Nh4 Rad8 18. Nxg6 hxg6 19. a4 Nc4 20. Qf3 d5 21. exd5 Nxd5 22. b3 Ncb6 23. a5 Nd7 24. Bb2 Qe6 25. Rad1 Nf4 26. Bc1 g5 27. Nf5 Nf6 28. Nxe7+ Qxe7 29. Bxf4 gxf4 30. h4 Rxd1 31. Rxd1 Qc7 32. h5 e4 33. Qh3 Re5 34. g4 Rg5 35. Kf1 f3 36. h6 gxh6 37. Qxh6 Rg6 38. Qh4 e3 39. fxe3 Rxg4 40. Qh3 Kg7 41. Rd4 Rxd4 42. exd4 Qf4 43. Bd1 Ne4 0-1

[Event "Le Touquet op 20th"]
[Site "Le Touquet"]
[Date "2005.10.26"]
[Round "5"]
[White "Therkildsen, Thomas"]
[Black "Schabanel, Stephane"]
[Result "1/2-1/2"]
[WhiteElo "2264"]
[BlackElo "2307"]
[PlyCount "107"]
[EventDate "2005.10.23"]
[EventType "swiss"]
[EventRounds "9"]
[EventCountry "FRA"]
[SourceTitle "EXT 2006"]
[Source "ChessBase"]
[SourceDate "2005.11.24"]
[SourceVersion "1"]
[SourceVersionDate "2005.11.24"]
[SourceQuality "1"]

1. e4 c5 2. c3 Nf6 3. e5 Nd5 4. d4 cxd4 5. Nf3 e6 6. cxd4 d6 7. Bc4 Nc6 8. a3 Be7 9. 0-0 0-0 10. Bd3 Bd7 11. Qe2 Na5 12. b4 Nb3 13. Bxh7+ Kxh7 14. Qd3+ Kg8 15. Qxb3 Rc8 16. Bd2 Qc7 17. Bg5 Bxg5 18. Nxg5 dxe5 19. Qh3 Qc2 20. dxe5 f6 21. exf6 Rxf6 22. Nd2 Rh6 23. Qf3 Rf8 24. Qd1 Qg6 25. Nde4 Bc6 26. Qd2 Nf4 27. f3 Rh5 28. h4 Bxe4 29. Nxe4 Rxh4 30. g3 Rh6 31. Rac1 Qh7 32. gxf4 Rh1+ 33. Kf2 Rh2+ 34. Ke3 Rxd2 35. Nxd2 Qh6 36. Ke2 Qxf4 37. Rc4 Qh2+ 38. Rf2 Qh5 39. Rc5 Qh1 40. Ne4 Qa1 41. Rc3 Rd8 42. Rf1 Rd2+ 43. Kxd2 Qxf1 44. Ke3 e5 45. Rc7 Qa1 46. Rc3 g5 47. Kf2 Qd1 48. Rc7 b5 49. Rd7 Qh1 50. Nf6+ Kf8 51. Nh7+ Ke8 52. Nf6+ Kf8 53. Nh7+ Kg8 54. Nf6+ 1/2-1/2

[Event "FRA-chT2 0405"]
[Site "France"]
[Date "2005.02.06"]
[Round "7.3"]
[White "Schabanel, Stephane"]
[Black "Silva Lillo, Sebastian"]
[Result "1/2-1/2"]
[WhiteElo "2232"]
[BlackElo "2333"]
[PlyCount "78"]
[EventDate "2004.10.10"]
[EventType "team"]
[EventRounds "11"]
[EventCountry "FRA"]
[SourceTitle "EXT 2006"]
[Source "ChessBase"]
[SourceDate "2005.11.24"]
[SourceVersion "1"]
[SourceVersionDate "2005.11.24"]
[SourceQuality "1"]
[WhiteTeam "Vincennes"]
[BlackTeam "Clichy  II"]
[WhiteTeamCountry "FRA"]
[BlackTeamCountry "FRA"]

1. e4 c5 2. Nc3 Nc6 3. Nf3 g6 4. Bb5 Bg7 5. 0-0 Nf6 6. e5 Ng4 7. Bxc6 dxc6 8. Re1 0-0 9. d3 Nh6 10. h3 Nf5 11. Ne4 b6 12. b3 Nd4 13. Bb2 f6 14. exf6 exf6 15. Rb1 Re8 16. Nxd4 cxd4 17. Bxd4 Qxd4 18. Nxf6+ Bxf6 19. Rxe8+ Kf7 20. Re4 Qd6 21. Qd2 Bf5 22. Re2 h5 23. Qe3 h4 24. Rbe1 Kg7 25. Qf3 Rf8 26. Re8 Rf7 27. Ra8 Bd7 28. Rf1 Bd4 29. Qe4 Rf4 30. Qe2 a5 31. Kh1 Rf7 32. Qe1 c5 33. f4 Bc6 34. Rc8 Bf6 35. f5 Re7 36. Qf2 Bd7 37. Rd8 gxf5 38. Qxf5 Qd4 39. Qh5 Qe5 1/2-1/2